| 000 | 00543nam a2200193Ia 4500 | ||
|---|---|---|---|
| 999 |
_c37440 _d37440 |
||
| 003 | OSt | ||
| 005 | 20200929124326.0 | ||
| 008 | 190216s9999||||xx |||||||||||||| ||und|| | ||
| 020 | _a0521288789 | ||
| 040 | _coclc | ||
| 082 |
_a596.0142 _bBEN/C |
||
| 100 |
_aBentley, P J _95143 |
||
| 245 | 0 |
_aComparative Vertebrate Endocrinology / _cP J Bentley |
|
| 250 | _a2nd Ed. | ||
| 260 |
_bCambridge Uty Press, _c1982. _aLondon: |
||
| 300 | _a485p | ||
| 650 | _aZoology | ||
| 942 |
_cBK _2ddc _h596.0142 _iBEN/C _k596.0142 _mBEN/C |
||